Movies of 2005 Quiz Stats

 Plays Quiz Updated Apr 30, 2018

Also try: Movies of 2004
Challenge
Share
Tweet
Score 0/16 Timer 06:00
2 Plays Today
Picture Movie % Correct
Brokeback Mountain
93.3%
Wedding Crashers
92.1%
Madagascar
91.5%
The 40-Year-Old Virgin
88.6%
Charlie and the Chocolate Factory
85.9%
King Kong
85%
Mr. & Mrs. Smith
82%
Walk the Line
80.4%
Picture Movie % Correct
Fantastic Four
76.2%
Hitch
72.4%
Corpse Bride
67.1%
Batman Begins
64.1%
Sin City
62.4%
War of the Worlds
61.6%
Capote
53.8%
Munich
15.8%

You're not logged in!

Compare scores with friends on all Sporcle quizzes.
Join for Free
OR
Log In

You Might Also Like...

Show Comments

Extras

Top Quizzes Today


Score Distribution

Your Account Isn't Verified!

In order to create a playlist on Sporcle, you need to verify the email address you used during registration. Go to your Sporcle Settings to finish the process.

Report this User

Report this user for behavior that violates our Community Guidelines.

Details: